[Event "Dyfed Major op 48th"]
[Site "Fishguard"]
[Date "2019.02.22"]
[Round "1"]
[White "Bevan, Paul"]
[Black "Thacker, Steve M"]
[Result "1-0"]
[WhiteElo "1300"]
[BlackElo "1430"]
[PlyCount "53"]
[EventDate "2019.02.22"]
[EventType "swiss"]
[EventRounds "5"]
[EventCountry "WLS"]
[SourceTitle "EXT 2020"]
[Source "ChessBase"]
[SourceDate "2019.10.17"]
[SourceVersion "1"]
[SourceVersionDate "2019.10.17"]
[SourceQuality "1"]

1. d4 c5 2. dxc5 e6 3. b4 a5 4. Ba3 axb4 5. Bxb4 Na6 6. Qd4 Qc7 7. e4 Nxc5 8. Bxc5 Qxc5 9. Qb2 Nf6 10. Bd3 d6 11. Nf3 Bd7 12. Nbd2 b5 13. Nb3 Qb6 14. Nbd4 b4 15. a3 d5 16. e5 Nh5 17. 0-0 Be7 18. Qc1 bxa3 19. g4 Bc5 20. Nb3 Ra4 21. gxh5 Rg4+ 22. Kh1 Bxf2 23. Qxa3 Kd8 24. Qd6 Qxd6 25. exd6 Bb6 26. Ra8+ Bc8 27. Ne5 1-0

[Event "BCF-chT4 0506 (4NCL)"]
[Site "West Bromwich"]
[Date "2006.05.29"]
[Round "11.6"]
[White "Henbest, Kevin B"]
[Black "Thacker, Steve M"]
[Result "0-1"]
[WhiteElo "1855"]
[BlackElo "1785"]
[PlyCount "66"]
[EventDate "2005.11.05"]
[EventType "team-tourn"]
[EventRounds "11"]
[EventCountry "ENG"]
[SourceTitle "CBM 109 Extra"]
[Source "ChessBase"]
[SourceDate "2006.01.03"]
[SourceVersion "2"]
[SourceVersionDate "2006.01.03"]
[SourceQuality "1"]
[WhiteTeam "Oxford III"]
[BlackTeam "Braille Chess Association"]
[WhiteTeamCountry "ENG"]
[BlackTeamCountry "ENG"]

1. e4 c5 2. Nf3 e6 3. d4 cxd4 4. Nxd4 Nf6 5. Nc3 a6 6. Bg5 Be7 7. Be2 Qc7 8. 0-0 b5 9. Bf3 Bb7 10. Re1 d6 11. a3 Nbd7 12. g3 0-0 13. Bg2 Nc5 14. Qe2 h6 15. Bd2 Qb6 16. Rad1 Rac8 17. Bc1 b4 18. axb4 Qxb4 19. Bd2 Qxd4 20. Bxh6 Qb4 21. Bf4 Rfd8 22. e5 dxe5 23. Bxe5 Bxg2 24. Kxg2 Rxd1 25. Rxd1 Qb7+ 26. Kg1 Rd8 27. Rb1 Nce4 28. Nd1 Bc5 29. Ne3 Rd2 30. Qc4 Bxe3 31. fxe3 Nd6 32. Qf1 Ng4 33. Rd1 Rxh2 0-1